[Event "III Memorial Salvatore Nobile"]
[Site "Roma ITA"]
[Date "2010.01.28"]
[Round "4"]
[White "Baruffaldi, Giuseppe"]
[Black "Condemi De Felice, Alfonso"]
[Result "1-0"]
[WhiteElo "1655"]
[BlackElo "1916"]
[PlyCount "77"]
[EventDate "2010.01.14"]

1. e4 g6 2. c3 Bg7 3. d4 d5 4. Nd2 Nf6 5. e5 Nfd7 6. Ngf3 O-O 7. Bd3 c5 8. O-O
Nc6 9. Bb5 a6 10. Bxc6 bxc6 11. Re1 e6 12. a4 a5 13. b3 cxd4 14. cxd4 c5 15.
Ba3 Re8 16. dxc5 Qc7 17. Rc1 Nxe5 18. Nxe5 Bxe5 19. Nf3 Bg7 20. Nd4 Ba6 21. c6
Bf8 22. Bxf8 Rxf8 23. Qg4 e5 24. Qg3 f6 25. Ne6 Qe7 26. Nxf8 Rxf8 27. Qc3 Qc7
28. Qc5 Rd8 29. f4 e4 30. Red1 Bd3 31. Qd4 Kf7 32. g3 h5 33. Rxd3 exd3 34. Qxd3
d4 35. Kg2 h4 36. Rc4 hxg3 37. hxg3 Rd6 38. Rc5 Rxc6 39. Qc4+ 1-0

[Event "III Memorial Salvatore Nobile"]
[Site "Roma ITA"]
[Date "2010.01.28"]
[Round "4"]
[White "Battistelli, Alessandro"]
[Black "Vanzan, Alessandro"]
[Result "1-0"]
[WhiteElo "1923"]
[BlackElo "1777"]
[PlyCount "65"]
[EventDate "2010.01.14"]

1. d4 d5 2. c4 c6 3. e3 Nf6 4. Nc3 e6 5. Nf3 Be7 6. Qc2 O-O 7. Be2 Nbd7 8. O-O
c5 9. Rd1 cxd4 10. exd4 Nb6 11. c5 Nbd7 12. Bg5 a6 13. a4 Qc7 14. Rac1 b6 15.
b4 e5 16. Bxf6 Bxf6 17. Nxd5 Qd8 18. dxe5 Nxe5 19. Nxb6 Qe7 20. Nxa8 Bb7 21.
Nb6 Nxf3+ 22. Bxf3 Bxf3 23. gxf3 Bg5 24. Rd7 Qf6 25. Rcd1 Bf4 26. Nd5 Qg6+ 27.
Kh1 Bb8 28. c6 Qe6 29. Ne7+ Kh8 30. c7 Bxc7 31. Qxc7 Qe2 32. Qf4 Qxf2 33. Qxf7
1-0

[Event "III Memorial Salvatore Nobile"]
[Site "Roma ITA"]
[Date "2010.01.28"]
[Round "4"]
[White "Bolla, Vittorio"]
[Black "Prudenzano, Ruggero"]
[Result "0-1"]
[WhiteElo "1786"]
[BlackElo "1927"]
[PlyCount "42"]
[EventDate "2010.01.14"]

1. e4 c5 2. Nf3 Nf6 3. e5 Nd5 4. Nc3 e6 5. Nxd5 exd5 6. d4 Nc6 7. dxc5 Bxc5 8.
Qxd5 Qb6 9. Bc4 Bxf2+ 10. Kf1 O-O 11. Qe4 d6 12. exd6 Bd7 13. Ng5 g6 14. Bxf7+
Rxf7 15. Qd5 Raf8 16. Bf4 Bh4 17. Ne4 Kg7 18. g3 Rxf4+ 19. gxf4 Qe3 20. h3
Rxf4+ 21. Kg2 Rf2+ 0-1

[Event "III Memorial Salvatore Nobile"]
[Site "Roma ITA"]
[Date "2010.01.28"]
[Round "4"]
[White "Castellano, Lorenzo"]
[Black "Andreozzi, Paolo"]
[Result "1-0"]
[WhiteElo "1825"]
[BlackElo "1729"]
[PlyCount "55"]
[EventDate "2010.01.14"]

1. e4 e6 2. d4 d5 3. Nc3 Bb4 4. e5 Ne7 5. Bd3 Nd7 6. Nf3 c5 7. dxc5 Nxc5 8.
Bb5+ Bd7 9. Bxd7+ Qxd7 10. Bd2 Na4 11. Nxa4 Bxd2+ 12. Qxd2 Qxa4 13. O-O O-O 14.
Rfe1 Rac8 15. c3 Ng6 16. g3 a6 17. h4 h6 18. Kg2 f5 19. exf6 Rxf6 20. h5 Qg4
21. hxg6 Qxf3+ 22. Kg1 Rxg6 23. Re3 Qf5 24. Rae1 Rc6 25. Re5 Qh3 26. Qe3 Rf6
27. Qe2 Kf8 28. Rh5 1-0

[Event "III Memorial Salvatore Nobile"]
[Site "Roma ITA"]
[Date "2010.01.28"]
[Round "4"]
[White "Catalini, Giampiero"]
[Black "Quimi, Marco"]
[Result "0-1"]
[WhiteElo "1980"]
[BlackElo "2147"]
[PlyCount "50"]
[EventDate "2010.01.14"]

1. c4 e5 2. Nc3 Nf6 3. Nf3 Nc6 4. e3 Bb4 5. Qc2 O-O 6. Nd5 d6 7. Bd3 h6 8. a3
Ba5 9. b4 Bb6 10. Nxb6 axb6 11. Bb2 Re8 12. Be2 e4 13. Nd4 Ne5 14. Nb3 Bf5 15.
Bxe5 Rxe5 16. Nd4 Bg6 17. O-O c5 18. Nb5 Qe7 19. Qb3 Rd8 20. f4 exf3 21. Bxf3
d5 22. Rad1 dxc4 23. Qc3 Bd3 24. Rfe1 cxb4 25. axb4 Rxb5 0-1

[Event "III Memorial Salvatore Nobile"]
[Site "Roma ITA"]
[Date "2010.01.28"]
[Round "4"]
[White "Cavaterra, Umberto"]
[Black "Bogosaljevic, Miodrag"]
[Result "0-1"]
[WhiteElo "1771"]
[BlackElo "1983"]
[PlyCount "104"]
[EventDate "2010.01.14"]

1. e4 c5 2. Nf3 d6 3. d4 cxd4 4. Nxd4 Nf6 5. Nc3 g6 6. f3 Bg7 7. Be3 O-O 8. Qd2
Nc6 9. Nb3 Be6 10. Bh6 Bxh6 11. Qxh6 a5 12. a4 Nb4 13. Qd2 Rc8 14. Nd4 Bc4 15.
Bxc4 Rxc4 16. O-O-O Qb6 17. Ndb5 Rfc8 18. h4 h5 19. Kb1 Na6 20. b3 R4c5 21. Kb2
Nc7 22. Na3 Na6 23. Ncb5 Nc7 24. Nc3 Qb4 25. Na2 Qb6 26. Nc3 Qb4 27. Na2 Qxd2
28. Rxd2 Na6 29. c3 Nd7 30. Nb5 Ne5 31. Rhd1 Nc7 32. Nd4 b5 33. f4 Ng4 34. axb5
Nxb5 35. Nxb5 Rxb5 36. Re1 Nf6 37. Ka3 Rcb8 38. Nc1 R8b7 39. Re3 Nd7 40. c4 Rb4
41. Na2 R4b6 42. Nc1 Nc5 43. e5 a4 44. exd6 exd6 45. Rd5 axb3 46. Nxb3 Rxb3+
47. Rxb3 Rxb3+ 48. Ka2 Rd3 49. Rg5 Kg7 50. f5 Ne4 51. f6+ Kxf6 52. Ra5 Rg3 0-1

[Event "III Memorial Salvatore Nobile"]
[Site "Roma ITA"]
[Date "2010.01.28"]
[Round "4"]
[White "Denozza, Mauro"]
[Black "Nazzarri, Errico"]
[Result "1-0"]
[WhiteElo "1660"]
[BlackElo "1410"]
[PlyCount "35"]
[EventDate "2010.01.14"]

1. d4 d5 2. Nf3 e6 3. e3 Nf6 4. Bd3 Bd6 5. O-O O-O 6. Nbd2 c5 7. c3 b6 8. Qe2
c4 9. Bc2 b5 10. e4 Bf4 11. e5 Nfd7 12. Re1 Bb7 13. Nf1 Bxc1 14. Raxc1 Nc6 15.
h4 Re8 16. Bxh7+ Kh8 17. Ng5 Rf8 18. Qh5 1-0

[Event "III Memorial Salvatore Nobile"]
[Site "Roma ITA"]
[Date "2010.01.28"]
[Round "4"]
[White "Di Mauro, Sebastiano"]
[Black "Elia, Alessio"]
[Result "1-0"]
[WhiteElo "1832"]
[BlackElo "1891"]
[PlyCount "73"]
[EventDate "2010.01.14"]

1. e4 d6 2. d4 Nf6 3. Nc3 g6 4. Bg5 Bg7 5. Qd2 c6 6. f3 b5 7. O-O-O Qa5 8. Kb1
Nbd7 9. Bd3 a6 10. f4 Nb6 11. e5 Nfd5 12. Nxd5 Qxd2 13. Nc7+ Kd7 14. Rxd2 Kxc7
15. Bxe7 dxe5 16. dxe5 Nd5 17. Bd6+ Kb7 18. g3 Be6 19. Nf3 f6 20. Nd4 Bh3 21.
Be4 fxe5 22. fxe5 Bh6 23. Rd3 Bf5 24. Nxf5 gxf5 25. Bxd5 cxd5 26. Rxd5 f4 27.
gxf4 Bxf4 28. Rd4 Bh6 29. Rf1 Rhg8 30. a3 Rg2 31. b4 Bg7 32. Rf7+ Kc6 33. Bc7
Rc8 34. Rdd7 Rg1+ 35. Ka2 Rxc7 36. Rxc7+ Kd5 37. Rxg7 1-0

[Event "III Memorial Salvatore Nobile"]
[Site "Roma ITA"]
[Date "2010.01.28"]
[Round "4"]
[White "Muru, Massimo"]
[Black "Musmarra, Giovanni"]
[Result "1-0"]
[WhiteElo "1374"]
[BlackElo "1735"]
[PlyCount "43"]
[EventDate "2010.01.14"]

1. e4 e5 2. f4 d5 3. exd5 e4 4. d3 Nf6 5. dxe4 Nxe4 6. Nf3 Bc5 7. Qe2 Bf2+ 8.
Kd1 Qxd5+ 9. Nfd2 f5 10. Nc3 Bb6 11. Nxd5 O-O 12. Nxe4 fxe4 13. Ne7+ Kh8 14.
Nxc8 Rd8+ 15. Ke1 Rxc8 16. Qe3 Ba5+ 17. c3 Nc6 18. g3 Rd8 19. Rb1 Re8 20. Bh3
a6 21. Kf2 b5 22. Bd7 1-0

[Event "III Memorial Salvatore Nobile"]
[Site "Roma ITA"]
[Date "2010.01.28"]
[Round "4"]
[White "Padovano, Vito"]
[Black "Marelli, Emanuele"]
[Result "0-1"]
[WhiteElo "1413"]
[BlackElo "1440"]
[PlyCount "70"]
[EventDate "2010.01.14"]

1. e4 c5 2. Nf3 d6 3. d4 cxd4 4. Nxd4 Nf6 5. Nc3 a6 6. Bd3 e5 7. Nde2 Be6 8. f3
Nbd7 9. Be3 Rc8 10. O-O Be7 11. Ng3 d5 12. exd5 Nxd5 13. Nxd5 Bxd5 14. b3 b5
15. f4 Bf6 16. Bf5 Bc6 17. Qd2 exf4 18. Bxf4 Bxa1 19. Qe2+ Qe7 20. Qxe7+ Kxe7
21. Rxa1 g6 22. Re1+ Kd8 23. Bd3 Re8 24. Ne4 Bxe4 25. Bxe4 f5 26. Bb7 Rxe1+ 27.
Kf2 Re6 28. Bg5+ Kc7 29. Bxc8 Kxc8 30. c4 Nc5 31. Be3 Ne4+ 32. Kf3 bxc4 33.
bxc4 Rc6 34. g4 Rxc4 35. gxf5 gxf5 0-1

[Event "III Memorial Salvatore Nobile"]
[Site "Roma ITA"]
[Date "2010.01.28"]
[Round "4"]
[White "Pastore, Cosmas"]
[Black "Sacco, Davide"]
[Result "0-1"]
[WhiteElo "1799"]
[BlackElo "1467"]
[PlyCount "106"]
[EventDate "2010.01.14"]

1. e4 c5 2. c3 e6 3. d4 cxd4 4. cxd4 d5 5. e5 Nc6 6. Nf3 Qb6 7. Be2 Nge7 8. Na3
Nf5 9. Nc2 Bb4+ 10. Bd2 Bxd2+ 11. Qxd2 Qxb2 12. Rd1 O-O 13. O-O Qb6 14. Rb1 Qc7
15. Rfc1 Qd8 16. Na1 Rb8 17. Nb3 Bd7 18. Nc5 b6 19. Nxd7 Qxd7 20. Bd3 Na5 21.
Ba6 Nb7 22. Qd3 g6 23. Rc3 Rbc8 24. Rbc1 Rxc3 25. Qxc3 Na5 26. Bd3 Nc4 27. Bxc4
dxc4 28. Qxc4 Rd8 29. Rd1 Rc8 30. Qd3 Qd5 31. g4 Ne7 32. Ng5 Kg7 33. Ne4 Qxa2
34. Qf3 Nd5 35. Nd6 Rf8 36. Rc1 Qd2 37. Rd1 Qf4 38. Qxf4 Nxf4 39. Kf1 Nd5 40.
Rc1 a5 41. Ke2 a4 42. Ra1 Ra8 43. Kd3 f6 44. Kc4 h5 45. gxh5 g5 46. Ra3 Rh8 47.
Rxa4 Rxh5 48. Ra7+ Kg6 49. exf6 Nxf6 50. Re7 Rxh2 51. Rxe6 Rxf2 52. Ne4 Rf4 53.
Nd6 g4 0-1

[Event "III Memorial Salvatore Nobile"]
[Site "Roma ITA"]
[Date "2010.01.28"]
[Round "4"]
[White "Salvagni, Gianfranco"]
[Black "Ceccarelli, Lucio"]
[Result "0-1"]
[WhiteElo "1563"]
[BlackElo "1521"]
[PlyCount "110"]
[EventDate "2010.01.14"]

1. e4 c5 2. Nf3 d6 3. d4 cxd4 4. Nxd4 a6 5. Nc3 Nf6 6. Be2 g6 7. Be3 Bg7 8. h3
O-O 9. Qd2 Nc6 10. O-O Qc7 11. f4 b5 12. a3 Bb7 13. Bf3 Rac8 14. Nd5 Nxd5 15.
exd5 Nxd4 16. Bxd4 Qxc2 17. Qe3 Bxd4 18. Qxd4 Qc5 19. Rfd1 Qxd4+ 20. Rxd4 Rc7
21. Rad1 Rfc8 22. Kf2 Rc2+ 23. R1d2 Rxd2+ 24. Rxd2 h5 25. Kg3 Rc5 26. Rd3 Bc8
27. Rc3 Rxc3 28. bxc3 Bf5 29. Kf2 Kf8 30. Ke3 Ke8 31. g4 hxg4 32. hxg4 Bc8 33.
Ke4 e6 34. dxe6 Bb7+ 35. Ke3 Bxf3 36. Kxf3 fxe6 37. Ke4 Ke7 38. g5 Kd7 39. Kd4
Kc6 40. c4 a5 41. Kc3 Kc5 42. cxb5 Kxb5 43. Kb3 d5 44. a4+ Kc5 45. Kc3 d4+ 46.
Kd3 Kd5 47. Ke2 Ke4 48. Kd2 Kxf4 49. Kd3 e5 50. Kc4 Kxg5 51. Kb5 d3 52. Kxa5 d2
53. Kb5 d1=Q 54. a5 e4 55. a6 Qe2+ 0-1

[Event "III Memorial Salvatore Nobile"]
[Site "Roma ITA"]
[Date "2010.02.10"]
[Round "5"]
[White "Andreozzi, Paolo"]
[Black "Bolla, Vittorio"]
[Result "1-0"]
[WhiteElo "1729"]
[BlackElo "1786"]
[PlyCount "69"]
[EventDate "2010.01.14"]

1. Nf3 Nf6 2. d4 c5 3. c3 cxd4 4. cxd4 d5 5. Nc3 e6 6. Bg5 Be7 7. e3 O-O 8. Bd3
Nc6 9. h3 Nb4 10. Bb1 Nd7 11. Bf4 Qb6 12. O-O Bd6 13. Bxh7+ Kh8 14. Bxd6 Qxd6
15. Bb1 g6 16. Nh4 Qe7 17. Nf3 a6 18. Qd2 Nc6 19. Re1 f5 20. e4 fxe4 21. Nxe4
dxe4 22. Rxe4 Nf6 23. Rh4+ Nh7 24. Bxg6 Rxf3 25. Rxh7+ Qxh7 26. Bxh7 Rf8 27.
Be4 Rf6 28. d5 exd5 29. Qxd5 Be6 30. Qh5+ Kg7 31. Qh7+ Kf8 32. Qh8+ Bg8 33.
Qxf6+ Bf7 34. Qh6+ Ke7 35. Bxc6 1-0

[Event "III Memorial Salvatore Nobile"]
[Site "Roma ITA"]
[Date "2010.02.10"]
[Round "5"]
[White "Bogosaljevic, Miodrag"]
[Black "Battistelli, Alessandro"]
[Result "0-1"]
[WhiteElo "1983"]
[BlackElo "1923"]
[PlyCount "36"]
[EventDate "2010.01.14"]

1. e4 e6 2. f4 d5 3. e5 c5 4. c3 Nc6 5. Nf3 Qb6 6. d4 cxd4 7. cxd4 Nge7 8. Nc3
Nf5 9. Bb5 Bd7 10. Bxc6 bxc6 11. O-O Be7 12. Qd3 c5 13. dxc5 Bxc5+ 14. Kh1 h5
15. Rd1 h4 16. Ng5 Bc6 17. Rb1 f6 18. Nxe6 Ng3+ 0-1

[Event "III Memorial Salvatore Nobile"]
[Site "Roma ITA"]
[Date "2010.02.10"]
[Round "5"]
[White "Casella, Carlo"]
[Black "D'Auria, Giuseppe"]
[Result "0-1"]
[WhiteElo "1700"]
[BlackElo "1525"]
[PlyCount "57"]
[EventDate "2010.01.14"]

1. e4 c5 2. Nf3 Nc6 3. d4 cxd4 4. Nxd4 g6 5. Be2 Bg7 6. c3 e6 7. Be3 Nge7 8.
O-O d5 9. Nxc6 bxc6 10. exd5 exd5 11. Bd4 O-O 12. Bxg7 Kxg7 13. Nd2 Nf5 14. Nb3
Re8 15. Bg4 Nd6 16. Bxc8 Rxc8 17. Qd4+ Qf6 18. Qxa7 Re7 19. Qd4 Nc4 20. Rfe1
Qxd4 21. cxd4 Rxe1+ 22. Rxe1 Nxb2 23. Re2 Nc4 24. Kf1 Kf8 25. Ke1 Ra8 26. Kd1
Nd6 27. f3 Nb5 28. Rc2 Rxa2 29. Kd2 0-1

[Event "III Memorial Salvatore Nobile"]
[Site "Roma ITA"]
[Date "2010.02.10"]
[Round "5"]
[White "Castellano, Lorenzo"]
[Black "Catalini, Giampiero"]
[Result "1-0"]
[WhiteElo "1825"]
[BlackElo "1980"]
[PlyCount "67"]
[EventDate "2010.01.14"]

1. e4 d6 2. d4 Nf6 3. Nc3 Nc6 4. h3 e5 5. Nf3 exd4 6. Nxd4 Bd7 7. Be3 Be7 8.
Qd2 O-O 9. O-O-O a6 10. g4 b5 11. a3 b4 12. axb4 Nxb4 13. g5 Ne8 14. f4 c5 15.
Nf5 Bxf5 16. exf5 Qa5 17. Qg2 Rb8 18. Bc4 Qa1+ 19. Kd2 Qxb2 20. Bb3 Nxc2 21.
Bxc2 Rb3 22. Nd5 Rxe3 23. Kxe3 Qa3+ 24. Rd3 Qa2 25. Nxe7+ Kh8 26. Rg1 Nc7 27.
Bb3 Qa5 28. g6 c4 29. gxf7 Rxf7 30. f6 Qb6+ 31. Kd2 g6 32. Nxg6+ hxg6 33. Qxg6
Qf2+ 34. Kd1 1-0

[Event "III Memorial Salvatore Nobile"]
[Site "Roma ITA"]
[Date "2010.02.10"]
[Round "5"]
[White "Ceccarelli, Lucio"]
[Black "Cavaterra, Umberto"]
[Result "1-0"]
[WhiteElo "1521"]
[BlackElo "1771"]
[PlyCount "79"]
[EventDate "2010.01.14"]

1. b4 d5 2. Bb2 Nf6 3. Nf3 g6 4. e3 Bg7 5. c4 c6 6. Nc3 O-O 7. cxd5 cxd5 8. Be2
Nc6 9. b5 Na5 10. O-O Nc4 11. Bxc4 dxc4 12. Rc1 Bg4 13. h3 Bf5 14. Nd4 Bd3 15.
Re1 e5 16. Nc2 e4 17. Nb4 Rc8 18. Nxd3 cxd3 19. Na4 Qa5 20. Nc3 Rc4 21. Qb3
Rfc8 22. Nxe4 Nxe4 23. Rxc4 Rxc4 24. Qxc4 Nxd2 25. Qc8+ Bf8 26. Qc3 Qxc3 27.
Bxc3 Ne4 28. Bd4 Bb4 29. Rd1 d2 30. f3 Nd6 31. a4 a6 32. bxa6 bxa6 33. Kf1 f5
34. Ke2 Kf7 35. Kd3 Ke6 36. Bc3 Bc5 37. Bxd2 Kd5 38. Rb1 Ba7 39. Bc3 h5 40. Bd4
1-0

[Event "III Memorial Salvatore Nobile"]
[Site "Roma ITA"]
[Date "2010.02.10"]
[Round "5"]
[White "Condemi De Felice, Alfonso"]
[Black "Macri', Giuseppe"]
[Result "1-0"]
[WhiteElo "1916"]
[BlackElo "1248"]
[PlyCount "59"]
[EventDate "2010.01.14"]

1. c4 Nf6 2. b3 e6 3. Bb2 Bb4 4. a3 Bc5 5. e3 Nc6 6. d4 Bd6 7. Nf3 Ne7 8. Bd3
Ng6 9. O-O c6 10. g3 b6 11. e4 Be7 12. e5 Ng4 13. Nc3 Nh6 14. Qc2 d6 15. Rad1
dxe5 16. Nxe5 Qc7 17. Nxc6 Bb7 18. Nxe7 Qxe7 19. d5 Qf6 20. Ne4 Qe7 21. Bxg7
Rg8 22. Nf6+ Kd8 23. d6 Rxg7 24. dxe7+ Nxe7 25. Be4+ Kc7 26. Rd7+ Kc8 27. Bxb7+
Kb8 28. Rxe7 a5 29. Bxa8 Kxa8 30. Qe4+ 1-0

[Event "III Memorial Salvatore Nobile"]
[Site "Roma ITA"]
[Date "2010.02.10"]
[Round "5"]
[White "Elia, Alessio"]
[Black "Baruffaldi, Giuseppe"]
[Result "1-0"]
[WhiteElo "1891"]
[BlackElo "1655"]
[PlyCount "115"]
[EventDate "2010.01.14"]

1. d4 Nf6 2. Nf3 e6 3. e3 b6 4. Bd3 Bb7 5. Nbd2 d6 6. O-O Be7 7. Qe2 a5 8. e4
O-O 9. c3 c5 10. Nc4 d5 11. Ncd2 dxe4 12. Nxe4 c4 13. Nxf6+ Bxf6 14. Bxc4 Nc6
15. Bf4 Ne7 16. Be5 Nd5 17. Bxf6 Qxf6 18. Bxd5 exd5 19. Rfe1 Bc8 20. Qe5 Qc6
21. Re3 h6 22. Qf4 Be6 23. Rae1 Qb5 24. R3e2 Rae8 25. Ne5 a4 26. Qd2 f5 27. Qd3
Bd7 28. Qxb5 Bxb5 29. Re3 f4 30. Rf3 Kh7 31. h4 h5 32. g3 fxg3 33. Rxf8 Rxf8
34. fxg3 Rf6 35. Kg2 Kh6 36. g4 g5 37. Nf3 Kg6 38. gxh5+ Kxh5 39. hxg5 Rf4 40.
Rh1+ Kg6 41. Kg3 Re4 42. Rh6+ Kg7 43. Rxb6 Bc4 44. b3 axb3 45. axb3 Be2 46. Kf2
Bd1 47. c4 dxc4 48. bxc4 Bxf3 49. Kxf3 Rxd4 50. c5 Rd5 51. c6 Rxg5 52. Ke4 Rc5
53. Kd4 Rc1 54. Kd5 Rd1+ 55. Ke6 Re1+ 56. Kd7 Rd1+ 57. Kc8 Kf7 58. c7 1-0

[Event "III Memorial Salvatore Nobile"]
[Site "Roma ITA"]
[Date "2010.02.10"]
[Round "5"]
[White "Musmarra, Giovanni"]
[Black "Pastore, Cosmas"]
[Result "0-1"]
[WhiteElo "1735"]
[BlackElo "1799"]
[PlyCount "132"]
[EventDate "2010.01.14"]

1. e4 d5 2. exd5 Qxd5 3. Nc3 Qa5 4. d4 Nf6 5. Bd2 c6 6. Ne4 Qc7 7. Ng3 g6 8.
Nf3 Bg7 9. c4 O-O 10. Bd3 c5 11. Bc3 cxd4 12. Nxd4 Nc6 13. Nxc6 Qxc6 14. O-O
Be6 15. Rc1 Rac8 16. Re1 Rfd8 17. b3 Rd7 18. Qe2 Rcd8 19. Bb1 Bh6 20. Rcd1 Rxd1
21. Rxd1 Rxd1+ 22. Qxd1 Qd7 23. Qe2 Bg7 24. Qd3 Qxd3 25. Bxd3 b6 26. f4 Ne8 27.
Bb4 Bd4+ 28. Kf1 Kf8 29. f5 Bc8 30. Be4 Nf6 31. fxg6 hxg6 32. Bf3 Ng4 33. h4
Nh2+ 34. Ke2 Nxf3 35. gxf3 Bb7 36. Ne4 Bxe4 37. fxe4 Bf6 38. Be1 e6 39. Kf3 Ke8
40. Kg4 Kd7 41. Bd2 Bb2 42. Bf4 Kc6 43. Be3 a6 44. Kg5 b5 45. c5 a5 46. Kh6 a4
47. Kh7 axb3 48. axb3 Bf6 49. Bf2 Bc3 50. Kg8 f5 51. exf5 gxf5 52. Kf7 e5 53.
Ke6 f4 54. Kf5 Kd5 55. h5 f3 56. h6 Bd4 57. h7 Bxf2 58. h8=Q Bd4 59. Qd8+ Kxc5
60. Ke4 f2 61. Qd5+ Kb4 62. Qf7 Kc3 63. Qf3+ Kb4 64. Kd3 Ka5 65. Ke2 Kb4 66.
Qd3 Ka3 0-1

[Event "III Memorial Salvatore Nobile"]
[Site "Roma ITA"]
[Date "2010.02.10"]
[Round "5"]
[White "Nazzarri, Errico"]
[Black "Salvagni, Gianfranco"]
[Result "0-1"]
[WhiteElo "1410"]
[BlackElo "1563"]
[PlyCount "70"]
[EventDate "2010.01.14"]

1. e4 c5 2. Nc3 d6 3. d3 Nf6 4. Nf3 g6 5. g3 Bg7 6. Bg2 Nbd7 7. O-O O-O 8. Re1
a6 9. Be3 Ng4 10. Rb1 Nxe3 11. fxe3 Nf6 12. Rf1 Qc7 13. d4 cxd4 14. exd4 e6 15.
Qd3 b5 16. b3 Bb7 17. Rfe1 Rac8 18. Nxb5 axb5 19. Qxb5 Bxe4 20. Qe2 Qxc2 21.
Nd2 Bxg2 22. Kxg2 Qxa2 23. Red1 Rc2 24. Kf2 Qa7 25. Qd3 Rfc8 26. Ke1 d5 27. h3
R2c3 28. Qb5 Qxd4 29. Nf1 Qe5+ 30. Qe2 Qxe2+ 31. Kxe2 Ne4 32. b4 Nxg3+ 33. Nxg3
Rxg3 34. Rdc1 Rxc1 35. Rxc1 Rb3 0-1

[Event "III Memorial Salvatore Nobile"]
[Site "Roma ITA"]
[Date "2010.02.10"]
[Round "5"]
[White "Prudenzano, Ruggero"]
[Black "Marta, Daniele"]
[Result "0-1"]
[WhiteElo "1927"]
[BlackElo "2064"]
[PlyCount "68"]
[EventDate "2010.01.14"]

1. d4 Nf6 2. c4 e6 3. Nc3 c5 4. d5 exd5 5. cxd5 d6 6. Nf3 g6 7. g3 Bg7 8. Bg2
O-O 9. O-O Re8 10. h3 a6 11. a4 Nbd7 12. Bf4 Qc7 13. Nd2 Nh5 14. Nc4 Nxf4 15.
gxf4 Nb6 16. Ne3 Bd4 17. a5 Nd7 18. Nc4 b5 19. axb6 Nxb6 20. Nd2 Qd8 21. e3 Bg7
22. Qc2 Qh4 23. Nf3 Qh5 24. Ng5 h6 25. Nge4 Bxh3 26. Nxd6 Bxg2 27. Kxg2 Red8
28. Nde4 Nxd5 29. Ng3 Qg4 30. Nce4 Rab8 31. Rxa6 Nxe3+ 32. fxe3 Rxb2 33. Qxb2
Bxb2 34. Rc1 Qc8 0-1

[Event "III Memorial Salvatore Nobile"]
[Site "Roma ITA"]
[Date "2010.02.10"]
[Round "5"]
[White "Quimi, Marco"]
[Black "Di Mauro, Sebastiano"]
[Result "1/2-1/2"]
[WhiteElo "2147"]
[BlackElo "1832"]
[PlyCount "59"]
[EventDate "2010.01.14"]

1. e4 e6 2. d4 d5 3. e5 c5 4. c3 Qb6 5. Nf3 Nc6 6. a3 c4 7. Nbd2 f6 8. Be2 fxe5
9. Nxe5 Nxe5 10. dxe5 Bc5 11. O-O Ne7 12. b4 cxb3 13. Nxb3 O-O 14. Nxc5 Qxc5
15. Qc2 Ng6 16. Be3 Qc7 17. f4 Bd7 18. Bd3 Rac8 19. Bd4 Nxf4 20. Bxh7+ Kh8 21.
Rae1 Qc4 22. Rf2 Bb5 23. Re3 Nh3+ 24. gxh3 Rxf2 25. Kxf2 Rf8+ 26. Kg3 Qf1 27.
Bd3 Bxd3 28. Rxd3 Qf4+ 29. Kg2 Qf1+ 30. Kg3 1/2-1/2

[Event "III Memorial Salvatore Nobile"]
[Site "Roma ITA"]
[Date "2010.02.10"]
[Round "5"]
[White "Sacco, Davide"]
[Black "Maurizio, Antonio"]
[Result "0-1"]
[WhiteElo "1467"]
[BlackElo "1449"]
[PlyCount "156"]
[EventDate "2010.01.14"]

1. e4 e6 2. d4 d5 3. Nd2 Nf6 4. e5 Nfd7 5. c3 c5 6. f4 Nc6 7. Ndf3 a6 8. g3 b5
9. Kf2 Qb6 10. Be3 Be7 11. h4 h5 12. Bh3 g6 13. Qd2 b4 14. Ne2 a5 15. Rac1 Ba6
16. Rhe1 a4 17. Bf1 Bc4 18. Ra1 a3 19. b3 Ba6 20. Kg2 c4 21. bxc4 Bxc4 22. Reb1
Qa5 23. cxb4 Bxb4 24. Qc2 Ne7 25. Bd2 Bxd2 26. Qxd2 Qxd2 27. Nxd2 Bxe2 28. Bxe2
Nf5 29. Rb2 Nxd4 30. Bb5 Nxb5 31. Rxb5 Ke7 32. Nf3 Rhb8 33. Rab1 Rxb5 34. Rxb5
Ra4 35. Kf2 Rc4 36. Ne1 Rc3 37. Rb4 Nc5 38. Kg2 Ne4 39. Rb7+ Ke8 40. Rb8+ Kd7
41. Rb7+ Ke8 42. Rb8+ Ke7 43. Rb7+ Kf8 44. Rb3 Rxb3 45. axb3 Ke8 46. Nc2 a2 47.
b4 Kd7 48. Kf3 Nd2+ 49. Ke3 Nb3 50. Kd3 a1=Q 51. Nxa1 Nxa1 52. Kc3 d4+ 53. Kxd4
Nc2+ 54. Kc5 Ne3 55. b5 Kc7 56. b6+ Kb7 57. Kd6 Nf5+ 58. Kd7 Nxg3 59. Ke8 Ne2
60. Kxf7 Nxf4 61. Kf6 Kxb6 62. Kg5 Ng2 63. Kf6 Nxh4 64. Kxe6 Nf3 65. Kf6 Nxe5
66. Kxe5 Kc5 67. Kf4 Kd4 68. Kg5 Ke5 69. Kh4 Kf4 70. Kh3 g5 71. Kh2 Kf3 72. Kh1
h4 73. Kh2 g4 74. Kh1 h3 75. Kh2 g3+ 76. Kg1 h2+ 77. Kh1 g2+ 78. Kxh2 Kf2 0-1

[Event "III Memorial Salvatore Nobile"]
[Site "Roma ITA"]
[Date "2010.02.10"]
[Round "5"]
[White "Vanzan, Alessandro"]
[Black "Muru, Massimo"]
[Result "1-0"]
[WhiteElo "1777"]
[BlackElo "1374"]
[PlyCount "103"]
[EventDate "2010.01.14"]

1. c4 c6 2. Nf3 d5 3. cxd5 cxd5 4. d4 Nf6 5. Nc3 e6 6. a3 Be7 7. g3 O-O 8. Bg2
Nc6 9. O-O h6 10. Bd2 Qb6 11. Na4 Qd8 12. Rc1 Bd7 13. Nc5 b6 14. Nxd7 Qxd7 15.
Rc2 Rac8 16. Bf4 Bd6 17. Ne5 Bxe5 18. dxe5 Nh7 19. Be4 Ne7 20. Rd2 Qc6 21. Bb1
Ng6 22. Rc2 Qd7 23. Rxc8 Rxc8 24. Qd3 Nhf8 25. e3 Qc6 26. Re1 Nd7 27. Qd4 Ndf8
28. h4 Qb5 29. Bd3 Qc5 30. h5 Qxd4 31. exd4 Nxf4 32. gxf4 Nd7 33. f5 Kf8 34.
Kg2 Ke7 35. Re3 Rg8 36. Rg3 f6 37. fxe6 Kxe6 38. Bh7 Rc8 39. Rxg7 fxe5 40. Rg6+
Kf7 41. Rd6 Nf6 42. Bg6+ Ke7 43. dxe5 Rc2 44. Bxc2 Nxh5 45. Rxh6 Nf4+ 46. Kf3
Ne6 47. Ke3 a5 48. f4 Ng7 49. Rh7 Kf7 50. f5 Kg8 51. f6 Ne6 52. Rd7 1-0

[Event "III Memorial Salvatore Nobile"]
[Site "Roma ITA"]
[Date "2010.02.11"]
[Round "6"]
[White "Andreozzi, Paolo"]
[Black "Bogosaljevic, Miodrag"]
[Result "1-0"]
[WhiteElo "1729"]
[BlackElo "1983"]
[PlyCount "109"]
[EventDate "2010.01.14"]

1. d4 d5 2. Nf3 c6 3. Bg5 Qb6 4. Qc1 Nd7 5. e3 Ndf6 6. Nbd2 Bf5 7. Bd3 Bxd3 8.
cxd3 e6 9. O-O h6 10. Bh4 Be7 11. Nb3 Nd7 12. Bg3 Ngf6 13. h3 O-O 14. Ne5 Nxe5
15. Bxe5 Nd7 16. Bg3 Rac8 17. Qd2 c5 18. dxc5 Nxc5 19. Nxc5 Rxc5 20. Rfc1 Rfc8
21. Be5 a6 22. Bd4 Rxc1+ 23. Rxc1 Rxc1+ 24. Qxc1 Qb4 25. Kf1 Bf6 26. Bxf6 gxf6
27. Ke2 Kg7 28. Qc3 Qd6 29. b4 Qh2 30. Kf3 e5 31. Qc2 f5 32. Qc8 e4+ 33. Ke2
exd3+ 34. Kxd3 Qe5 35. Qc3 f6 36. Qd4 Kf7 37. a4 Qd6 38. Qc5 Qe5 39. f3 Kg6 40.
Qc8 Qb2 41. Qg8+ Kh5 42. Qxd5 Qb1+ 43. Kc4 Qc2+ 44. Kd4 Qd2+ 45. Kc5 Qxe3+ 46.
Qd4 b6+ 47. Kd5 Qb3+ 48. Kd6 a5 49. bxa5 bxa5 50. g4+ Kg5 51. h4+ Kg6 52. gxf5+
Kg7 53. Qa7+ Kg8 54. Qxa5 Qd3+ 55. Qd5+ 1-0

[Event "III Memorial Salvatore Nobile"]
[Site "Roma ITA"]
[Date "2010.02.11"]
[Round "6"]
[White "Catalini, Giampiero"]
[Black "Elia, Alessio"]
[Result "0-1"]
[WhiteElo "1980"]
[BlackElo "1891"]
[PlyCount "108"]
[EventDate "2010.01.14"]

1. d4 d6 2. Nf3 g6 3. Bf4 Bg7 4. e3 Nf6 5. Be2 O-O 6. O-O Nbd7 7. c4 c5 8. Nc3
Qb6 9. b3 Nb8 10. Rc1 Nc6 11. d5 Nb8 12. e4 Rd8 13. Bg5 Nbd7 14. Qc2 h6 15. Bh4
g5 16. Bg3 Nh5 17. Qd2 Nxg3 18. hxg3 Ne5 19. Nd1 Qc7 20. Ne3 a6 21. Nh2 Ng6 22.
f4 Bd4 23. Kh1 e6 24. Nhg4 Kg7 25. f5 exf5 26. Nxf5+ Bxf5 27. Rxf5 h5 28. Ne3
f6 29. Rcf1 h4 30. g4 Qe7 31. Rxf6 Qxe4 32. Re6 Bxe3 33. Qxe3 Qxe3 34. Rxe3 Re8
35. Re6 Rxe6 36. dxe6 Nf4 37. Bf3 Rb8 38. Rd1 Nxe6 39. Rxd6 Nf4 40. Rd7+ Kf6
41. Rxb7 Rxb7 42. Bxb7 a5 43. Kg1 Ke5 44. Kf2 Kd4 45. Bc6 Kc3 46. Ke3 Kb2 47.
g3 hxg3 48. Kf3 g2 49. Kf2 Kxa2 50. Ba4 Nd3+ 51. Kxg2 Nc1 52. Kf3 Nxb3 53. Ke4
Ka3 54. Bb5 Kb4 0-1